La tirade du nez - Statistiques

Statistiques générales
  • Ce quiz a été pris 926 fois
    45 depuis la dernière actualisation
  • Le résultat moyen est 263 sur 447
Statistiques - réponses
Réponse % Correct
d'
100%
j'
96%
n'
96%
s'
96%
un
96%
à
92%
a
92%
l'
92%
m'
92%
ne
92%
qu'
92%
t'
92%
t
92%
ça
88%
ce
88%
je
88%
ô
88%
une
88%
ces
85%
de
85%
en
85%
le
85%
Le
85%
me
85%
nez
85%
que
85%
Que
85%
des
81%
péninsule
81%
cap
77%
c'est
77%
C'est
77%
dis
77%
la
77%
77%
mon
77%
On
77%
on
77%
peu
77%
au
73%
dire
73%
et
73%
homme
73%
il
73%
les
73%
si
73%
avais
69%
bien
69%
court
69%
eu
69%
monsieur
69%
pour
69%
Pour
69%
qui
69%
quoi
69%
roc
69%
se
69%
somme
69%
ton
69%
vous
69%
choses
65%
moi
65%
ou
65%
Par
65%
par
65%
pic
65%
sur
65%
Ah
62%
avez
62%
dit
62%
du
62%
exemple
62%
jeune
62%
mais
62%
Mais
62%
non
62%
oiseaux
62%
perchoir
62%
petit
62%
ami
58%
dans
58%
Dieu
58%
faudrait
58%
pas
58%
point
58%
tel
58%
votre
58%
Agressif
54%
amputasse
54%
cette
54%
doit
54%
elle
54%
faîtes
54%
faites
54%
leurs
54%
sa
54%
champ
50%
Curieux
50%
quand
50%
son
50%
tenez
50%
variant
50%
voilà
50%
Voilà
50%
aimez
46%
Amical
46%
auriez
46%
avant
46%
avec
46%
aviez
46%
capsule
46%
Descriptif
46%
est
46%
faire
46%
gros
46%
hanap
46%
oblongue
46%
pattes
46%
petites
46%
pouvait
46%
tasse
46%
tendre
46%
Tendre
46%
tout
46%
tremper
46%
appelle
42%
avoir
42%
esprit
42%
fabriquer
42%
lui
42%
même
42%
mer
42%
mot
42%
plus
42%
préoccupâtes
42%
près
42%
Rouge
42%
sert
42%
sol
42%
soleil
42%
sot
42%
sous
42%
tant
42%
animal
38%
Aristophane
38%
autre
38%
boire
38%
boîte
38%
cher
38%
ciseaux
38%
couleur
38%
donc
38%
écritoire
38%
êtes
38%
fane
38%
os
38%
parasol
38%
peur
38%
peut
38%
sans
38%
seul
38%
très
38%
trois
38%
assez
35%
Assurément
35%
aucun
35%
chair
35%
enseigne
35%
êtres
35%
forment
35%
front
35%
lot
35%
parfumeur
35%
paternellement
35%
permets
35%
pignon
35%
quelle
35%
rue
35%
saigne
35%
sera
35%
sers
35%
serve
35%
sort
35%
tête
35%
verve
35%
y
35%
atome
31%
Cavalier
31%
chapeau
31%
commencement
31%
commode
31%
contre
31%
dut
31%
gardez
31%
Hippocampéléphantocamélos
31%
jamais
31%
lamentable
31%
lettres
31%
lorsque
31%
loterie
31%
melon
31%
moitié
31%
monument
31%
nain
31%
poids
31%
Pratique
31%
quart
31%
tomber
31%
vent
31%
visite
31%
ailleurs
27%
Car
27%
cavalerie
27%
cheminée
27%
crie
27%
croc
27%
Dramatique
27%
Enfin
27%
entraînée
27%
eûtes
27%
faut
27%
feu
27%
mettre
27%
Militaire
27%
mode
27%
Pédant
27%
pendre
27%
pétunez
27%
pointez
27%
Prévenant
27%
rougit
27%
tabac
27%
traître
27%
vapeur
27%
voisin
27%
vraiment
27%
Admiratif
23%
Campagnard
23%
détruit
23%
devant
23%
enrhumer
23%
entier
23%
Eussiez
23%
eussiez
23%
excepté
23%
géant
23%
Gracieux
23%
harmonie
23%
Lyrique
23%
maître
23%
mistral
23%
navet
23%
traits
23%
triton
23%
voulez
23%
ardé
19%
articulé
19%
ben
19%
conque
19%
folles
19%
galeries
19%
magistral
19%
Naïf
19%
nobles
19%
parodiant
19%
plaisanteries
19%
Pyrame
19%
salue
19%
toutes
19%
Nanain
15%
sanglot
15%
Truculent
15%
Emphatique
12%
12%
invention
12%
servir
12%
souffrez
12%
pouvoir
8%
queuqu
8%
Respectueux
8%
Aucun quiz correspondant
Distribution des résultats
% des personnes avec chaque résultat
Percentile par nombre de réponses
Votre historique - résultats
Vous n’avez pas pris ce quiz depuis la dernière actualisation